Among us Roles - Statistics

General Stats
  • This quiz has been taken 60 times
  • The average score is 4 of 5
Answer Stats
Answer % Correct
Crewmate
90%
Imposter
80%
Engineer
78%
Scientist
63%
Shapeshifter
55%
No matching quizzes found
Score Distribution
Percent of People with Each Score
Percentile by Number Answered
Your Score History
You have not taken this quiz